[Event "Moscow-ch Men 2019"]
[Site "Moscow"]
[Date "2019.04.06"]
[Round "8.6"]
[White "Kozionov, Kirill"]
[Black "Vorobiov, Evgeny E."]
[Result "0-1"]
[WhiteElo "2441"]
[BlackElo "2565"]
[Annotator "TA"]
[PlyCount "106"]
[EventDate "2019.03.30"]
[EventType "swiss"]
[EventCountry "RUS"]
[SourceTitle "playchess.com"]
[Source "ChessBase"]
[SourceQuality "1"]

{[%evp 20,106,0,0,0,0,14,19,14,15,30,39,46,43,47,13,22,23,22,22,47,52,26,45,36,46,27,0,0,-14,0,-122,-119,-150,-174,-201,-210,-182,-180,-209,-206,-263,-251,-250,-222,-274,-276,-331,-241,-230,0,-323,-321,-560,-556,-542,-522,-466,-433,-796,-485,-464,-424,-495,-382,-412,-377,-387,-386,-491,-379,-370,-350,-362,-363,-342,-338,-804,-800,-801,-803,-796,-789,-783,-787,-750,-724,-770,-638]} 1. d4 d5 2. c4 dxc4 3. Nf3 e6 4. e3 Nf6 5. Bxc4 c5 6. O-O Nc6 7. Nc3 a6 8. a3 b5 9. Ba2 Bb7 10. d5 exd5 {D40: Queen's Gambit Declined: Semi-Tarrasch with 5 e3} 11. Nxd5 {LiveBook: 9 Games} c4 (11... Nxd5 12. Bxd5 Be7 13. e4 Qc7 14. Ng5 O-O 15. Qh5 Bxg5 16. Qxg5 Nd4 17. Be3 Bxd5 18. exd5 {½-½ (33) Wang,Y (2684)-Brown,M (2524) chess.com INT 2019}) 12. e4 $1 Be7 {The position is equal.} 13. Bf4 {[#] Black must now prevent Nc7+.} O-O 14. Re1 Rc8 15. Qd2 Nxd5 $146 ({Predecessor:} 15... Re8 16. Rad1 Qa5 17. Qc2 c3 18. Bb1 {1-0 (37) Fischer,J (2346)-Pitl,G (2195) Bad Wiessee 1999}) 16. exd5 Nb8 17. Rad1 Bf6 18. Bb1 g6 19. Ne5 {With the idea Ng4.} Nd7 20. Nc6 Bxc6 21. dxc6 Nc5 22. Qe3 Qb6 23. Bd6 (23. c7 $5 Rxc7 24. Bd6 $14 (24. Bxc7 Qxc7 25. Re2 Rd8 $11)) 23... Qxc6 {[#] ...Rfe8 is the strong threat.} 24. Bxf8 Rxf8 25. b4 (25. Re2 $11 {keeps the balance.}) 25... cxb3 $17 26. Rc1 Rc8 27. Be4 Qd6 28. Bb1 Bd4 29. Qf3 Qf6 30. Qg3 h5 31. Re2 Rd8 32. h4 Kg7 33. Rce1 Bc3 34. Rf1 Bd4 $2 (34... b2 $19 {aiming for ...Nb3.} 35. Re3 Bd4) 35. Kh1 $2 {[%mdl 8192]} (35. Rfe1 $11) 35... Na4 $19 36. f4 $2 (36. Qxb3 Nc3 37. Ree1) 36... Nc3 37. Ree1 {and the idea f5 leaves White hopeful.} Nxb1 38. Rxb1 b2 39. Rbd1 (39. Qg5 $142) 39... Re8 40. Qg5 Be3 41. Rfe1 {Now Qxf6+ and White clings on.} Qxg5 42. fxg5 Bc1 43. Rxe8 {[%mdl 4096] Endgame intending Rdd8.} b1=Q 44. Ree1 Qf5 45. Rxc1 {KQ-KRR} Qf4 46. Kg1 Qd4+ 47. Kf1 Qxh4 48. Rc5 $2 (48. Rc3) 48... Qf4+ {Black is clearly winning.} 49. Ke2 Qe4+ 50. Kf1 Qd3+ 51. Re2 Qxa3 52. Rc7 Qd3 53. Rb7 Qb1+ {Precision: White = 46%, Black = 81%.} 0-1

[Event "Moscow-ch Men 2019"]
[Site "Moscow"]
[Date "2019.04.06"]
[Round "8.7"]
[White "Afanasiev, Nikita"]
[Black "Savenkov, Konstantin"]
[Result "1-0"]
[WhiteElo "2527"]
[BlackElo "2373"]
[Annotator "ChessBase"]
[PlyCount "75"]
[EventDate "2019.03.30"]
[EventType "swiss"]
[EventCountry "RUS"]
[SourceTitle "playchess.com"]
[Source "ChessBase"]
[SourceQuality "1"]
[TimeControl "5400+30"]

1. d4 {[%emt 0:37:40]} e6 {[%emt 0:00:47]} 2. c4 {[%emt 0:00:10]} f5 {[%emt 0:00:10]} 3. Nc3 {[%emt 0:00:07]} Nf6 {[%emt 0:00:06]} 4. Qc2 {[%emt 0:00:12]} Bb4 {[%emt 0:02:03]} 5. a3 {[%emt 0:01:10]} Bxc3+ {[%emt 0:00:14]} 6. Qxc3 {[%emt 0:00:03]} b6 {[%emt 0:00:26]} 7. b3 {[%emt 0:00:24]} Bb7 {[%emt 0:00:09]} 8. Bb2 {[%emt 0:00:05]} O-O {[%emt 0:00:54]} 9. Nh3 {[%emt 0:02:18]} Qe7 {[%emt 0:03:39]} 10. f3 {[%emt 0:01:02]} d6 {[%emt 0:02:46]} 11. e3 {[%emt 0:00:22]} Nbd7 {[%emt 0:00:48]} 12. Bd3 {[%emt 0:00:53]} c5 {[%emt 0:01:06]} 13. O-O {[%emt 0:00:55]} Rac8 {[%emt 0:00:19]} 14. Qd2 {[%emt 0:01:50]} d5 {[%emt 0:03:05]} 15. Rac1 {[%emt 0:05:46]} Rfd8 {[%emt 0:00:56]} 16. Qe2 {[%emt 0:11:02]} Qd6 {[%emt 0:04:48]} 17. Rfd1 {[%emt 0:08:18]} Re8 {[%emt 0:01:57]} 18. cxd5 {[%emt 0:02:17]} Nxd5 {[%emt 0:07:54]} 19. e4 {[%emt 0:06:23]} Nc7 {[%emt 0:09:09]} 20. dxc5 {[%emt 0:00:40]} Nxc5 {[%emt 0:00:21]} 21. Bc4 {[%emt 0:00:15]} Qe7 {[%emt 0:01:57]} 22. b4 {[%emt 0:03:24]} Na4 {[%emt 0:01:06]} 23. exf5 {[%emt 0:00:05]} Nxb2 {[%emt 0:00:49]} 24. Qxb2 {[%emt 0:00:05]} Bd5 {[%emt 0:00:21]} 25. Bd3 {[%emt 0:00:51]} Qh4 {[%emt 0:00:45]} 26. Nf2 {[%emt 0:01:59]} Qf4 {[%emt 0:02:51]} 27. Qd2 {[%emt 0:00:25]} Qh4 {[%emt 0:02:48]} 28. Re1 {[%emt 0:01:03]} Qd8 {[%emt 0:02:40]} 29. Qf4 {[%emt 0:04:01]} exf5 {[%emt 0:03:50]} 30. Qxf5 {[%emt 0:00:59]} Rxe1+ {[%emt 0:00:37]} 31. Rxe1 {[%emt 0:00:04]} g6 {[%emt 0:00:05]} 32. Qe5 {[%emt 0:00:41]} Qe8 {[%emt 0:00:33]} 33. Qc3 {[%emt 0:02:02]} Qc6 {[%emt 0:01:30]} 34. Qa1 {[%emt 0:00:43]} Nb5 {[%emt 0:00:27]} 35. Bxb5 {[%emt 0:00:40]} Qxb5 {[%emt 0:00:17]} 36. Ng4 {[%emt 0:00:04]} h5 {[%emt 0:00:19]} 37. Nh6+ {[%emt 0:01:02]} Kh7 {[%emt 0:00:11]} 38. Re7+ {[%emt 0:00:10]} 1-0

[Event "Moscow-ch Men 2019"]
[Site "Moscow"]
[Date "2019.04.06"]
[Round "8.8"]
[White "Smirnov, Timofey"]
[Black "Zakhartsov, Vladimir"]
[Result "0-1"]
[WhiteElo "2345"]
[BlackElo "2468"]
[Annotator "ChessBase"]
[PlyCount "96"]
[EventDate "2019.03.30"]
[EventType "swiss"]
[EventCountry "RUS"]
[SourceTitle "playchess.com"]
[Source "ChessBase"]
[SourceQuality "1"]
[TimeControl "5400+30"]

1. e4 {[%emt 0:09:24]} c5 {[%emt 0:00:00]} 2. Nf3 {[%emt 0:00:04]} d6 {[%emt 0:00:00]} 3. d4 {[%emt 0:00:04]} cxd4 {[%emt 0:00:00]} 4. Nxd4 {[%emt 0:00:04]} Nf6 {[%emt 0:00:00]} 5. Nc3 {[%emt 0:00:03]} a6 {[%emt 0:00:00]} 6. Be2 {[%emt 0:00:05]} Nbd7 {[%emt 0:00:16]} 7. O-O g6 {[%emt 0:00:17]} 8. Bg5 {[%emt 0:00:41]} Bg7 {[%emt 0:00:13]} 9. Qd2 {[%emt 0:00:22]} O-O {[%emt 0:00:17]} 10. a4 {[%emt 0:01:20]} Nc5 {[%emt 0:04:49]} 11. f3 {[%emt 0:05:01]} Bd7 {[%emt 0:08:21]} 12. Be3 {[%emt 0:02:28]} Rc8 {[%emt 0:05:35]} 13. a5 {[%emt 0:02:46]} e5 {[%emt 0:01:50]} 14. Nb3 {[%emt 0:00:11]} Nxb3 {[%emt 0:00:03]} 15. cxb3 {[%emt 0:00:05]} Be6 {[%emt 0:00:02]} 16. Bb6 {[%emt 0:09:49]} Qd7 {[%emt 0:04:26]} 17. b4 {[%emt 0:04:26]} d5 {[%emt 0:02:53]} 18. Rfd1 {[%emt 0:00:24]} d4 {[%emt 0:07:04]} 19. Na4 {[%emt 0:01:34]} Qe8 {[%emt 0:04:06]} 20. Nc5 {[%emt 0:09:12]} Qe7 {[%emt 0:00:33]} 21. Rac1 {[%emt 0:06:14]} Nd7 {[%emt 0:00:51]} 22. Ba7 {[%emt 0:06:57]} Ra8 {[%emt 0:02:15]} 23. Nxe6 {[%emt 0:02:29]} Qxe6 {[%emt 0:00:59]} 24. Bc5 {[%emt 0:02:32]} Rfc8 {[%emt 0:02:49]} 25. Bc4 {[%emt 0:00:10]} Qf6 {[%emt 0:01:16]} 26. Bd5 {[%emt 0:00:23]} Nxc5 {[%emt 0:00:15]} 27. Rxc5 {[%emt 0:02:17]} Rxc5 {[%emt 0:03:08]} 28. bxc5 {[%emt 0:00:20]} Rc8 {[%emt 0:00:06]} 29. Qb4 {[%emt 0:04:03]} Bf8 {[%emt 0:07:42]} 30. Qb6 {[%emt 0:01:59]} Qe7 {[%emt 0:05:04]} 31. b4 {[%emt 0:11:28]} Rc7 {[%emt 0:00:18]} 32. g3 {[%emt 0:00:04]} Bh6 {[%emt 0:00:36]} 33. Kg2 {[%emt 0:00:40]} Kg7 {[%emt 0:00:13]} 34. h4 {[%emt 0:00:49]} Be3 {[%emt 0:00:17]} 35. Rd3 {[%emt 0:02:15]} Rd7 {[%emt 0:02:33]} 36. Rb3 {[%emt 0:05:31]} h5 {[%emt 0:00:58]} 37. Kh3 {[%emt 0:09:34]} Rxd5 {[%emt 0:03:49]} 38. exd5 {[%emt 0:00:01]} Qd7+ {[%emt 0:00:05]} 39. Kg2 {[%emt 0:00:17]} Qxd5 {[%emt 0:00:47]} 40. Rb2 {[%emt 0:00:23]} e4 {[%emt 0:01:28]} 41. fxe4 {[%emt 0:00:43]} Qxe4+ {[%emt 0:00:06]} 42. Kh2 {[%emt 0:00:02]} d3 {[%emt 0:00:20]} 43. Qd6 {[%emt 0:01:04]} Bd4 {[%emt 0:04:42]} 44. Rd2 {[%emt 0:00:04]} Bg1+ {[%emt 0:00:26]} 45. Kxg1 {[%emt 0:00:26]} Qe1+ {[%emt 0:00:03]} 46. Kh2 {[%emt 0:00:05]} Qxd2+ {[%emt 0:00:10]} 47. Kh3 {[%emt 0:00:03]} Qe1 {[%emt 0:00:42]} 48. Qd4+ {[%emt 0:00:49]} Kh7 {[%emt 0:00:05]} 0-1

[Event "Moscow-ch Men 2019"]
[Site "Moscow"]
[Date "2019.04.06"]
[Round "8.9"]
[White "Dvalishvili, Pavel S."]
[Black "Ivanov, Oleg V"]
[Result "1/2-1/2"]
[WhiteElo "2407"]
[BlackElo "2441"]
[Annotator "NA"]
[PlyCount "66"]
[EventDate "2019.03.30"]
[EventType "swiss"]
[EventCountry "RUS"]
[SourceTitle "playchess.com"]
[Source "ChessBase"]
[SourceQuality "1"]
[TimeControl "5400+30"]

1. e4 {[%emt 0:00:00]} c5 {[%emt 0:00:20]} 2. Nf3 {[%emt 0:00:00]} Nc6 {[%emt 0:00:24]} 3. Bb5 {[%emt 0:00:00]} g6 {[%emt 0:00:42]} 4. O-O {[%emt 0:00:03]} Bg7 {[%emt 0:00:25]} 5. Re1 {[%emt 0:00:25]} Nf6 {[%emt 0:01:06]} 6. e5 {[%emt 0:02:02]} Nd5 {[%emt 0:00:33]} 7. Nc3 {[%emt 0:00:02]} Nc7 {[%emt 0:00:14]} 8. Bxc6 {[%emt 0:00:18]} dxc6 {[%emt 0:00:09]} 9. h3 {[%emt 0:00:01]} O-O {[%emt 0:08:57]} 10. d3 {[%emt 0:00:11]} Ne6 {[%emt 0:02:07]} 11. Ne4 {[%emt 0:00:43]} b6 {[%emt 0:04:49]} 12. Neg5 {[%emt 0:10:37] LiveBook: 27 Games} Nd4 {[%emt 0:16:18] B31: Sicilian: 2...Nc6 3 Bb5 g6} 13. c3 $146 {[%emt 0:03:50]} ({Predecessor:} 13. Bf4 h6 14. Ne4 Kh7 15. b3 Be6 16. a4 a5 17. Nxd4 cxd4 18. Qf3 Bd5 19. h4 Qd7 20. Qg3 {½-½ (30) Adams,M (2708)-Adhiban,B (2683) Astana 2019}) 13... Nxf3+ {[%emt 0:22:23]} 14. Nxf3 {[%emt 0:00:05]} Bf5 {[%emt 0:00:40]} 15. d4 {[%emt 0:00:17]} Qd5 {[%emt 0:00:19]} 16. Qe2 {[%emt 0:03:45]} cxd4 {[%emt 0:11:19]} 17. Nxd4 {[%emt 0:00:27]} Be6 {[%emt 0:09:08]} 18. Bg5 {[%emt 0:01:13]} c5 {[%emt 0:00:28]} 19. Nxe6 {[%emt 0:04:48]} Qxe6 {[%emt 0:00:01]} 20. Qg4 {[%emt 0:00:22]} Qxg4 {[%emt 0:03:56]} 21. hxg4 {[%emt 0:00:03]} f6 {[%emt 0:00:24]} 22. exf6 {[%emt 0:00:01]} exf6 {[%emt 0:01:11]} 23. Bf4 {[%emt 0:00:06]} Rfe8 {[%emt 0:00:32]} 24. Kf1 {[%emt 0:00:02]} Kf7 {[%emt 0:00:17]} 25. a4 {[%emt 0:00:31]} Rxe1+ {[%emt 0:02:27]} 26. Rxe1 {[%emt 0:00:07]} Rd8 $11 {[%emt 0:00:38]} 27. f3 {[%emt 0:06:29]} Bf8 {[%emt 0:00:42]} 28. b3 {[%emt 0:03:58]} Bd6 {[%emt 0:03:41]} 29. Rd1 {[%emt 0:00:22]} Ke7 {[%emt 0:00:11]} 30. Re1+ {[%emt 0:00:02]} Kf7 {[%emt 0:00:31]} 31. Rd1 {[%emt 0:00:01]} Ke7 {[%emt 0:00:15]} 32. Re1+ {[%emt 0:00:00]} Kf7 {[%emt 0:00:40]} 33. Rd1 {[%emt 0:00:01]} Ke7 1/2-1/2

[Event "Moscow-ch Men 2019"]
[Site "Moscow"]
[Date "2019.04.06"]
[Round "8.10"]
[White "Salman, Pavel"]
[Black "Galaktionov, Artem"]
[Result "0-1"]
[WhiteElo "2248"]
[BlackElo "2332"]
[Annotator "NA"]
[PlyCount "102"]
[EventDate "2019.03.30"]
[EventType "swiss"]
[EventCountry "RUS"]
[SourceTitle "playchess.com"]
[Source "ChessBase"]
[SourceQuality "1"]
[TimeControl "5400+30"]

1. d4 {[%emt 0:00:00]} d5 {[%emt 0:01:13]} 2. Nf3 {[%emt 0:00:05]} Nf6 {[%emt 0:00:15]} 3. c4 {[%emt 0:00:15]} e6 {[%emt 0:00:04]} 4. g3 {[%emt 0:00:11]} Bb4+ {[%emt 0:00:03]} 5. Bd2 {[%emt 0:00:52]} Be7 {[%emt 0:00:05]} 6. Bg2 {[%emt 0:00:14]} O-O {[%emt 0:00:04]} 7. O-O {[%emt 0:00:16]} c6 {[%emt 0:00:02]} 8. Qb3 {[%emt 0:00:38]} Nbd7 {[%emt 0:00:18]} 9. Bf4 {[%emt 0:05:27]} b6 {[%emt 0:00:03]} 10. Nc3 {[%emt 0:01:02] LiveBook: 80 Games} Ba6 {[%emt 0:00:05]} 11. Nd2 $11 {[%emt 0:06:16]} Nh5 {[%emt 0:04:50]} 12. Be3 {[%emt 0:11:41]} Bd6 {[%emt 0:23:55]} 13. Rfc1 {[%emt 0:09:30]} Qe7 {[%emt 0:01:52]} 14. Bf3 {[%emt 0:06:53]} Nhf6 {[%emt 0:02:07]} 15. a4 {[%emt 0:01:21]} Rab8 {[%emt 0:04:22]} 16. Qd1 {[%emt 0:08:01]} Rfc8 {[%emt 0:04:39]} 17. b3 {[%emt 0:02:50]} h6 {[%emt 0:00:57]} 18. h3 {[%emt 0:04:46]} Nh7 {[%emt 0:11:34]} 19. Bg2 {[%emt 0:07:17]} f5 {[%emt 0:00:33]} 20. cxd5 {[%emt 0:05:10]} exd5 {[%emt 0:00:25]} 21. Bf4 {[%emt 0:01:25]} Nhf6 {[%emt 0:02:57]} 22. Bxd6 {[%emt 0:10:58]} Qxd6 {[%emt 0:00:17]} 23. Rab1 {[%emt 0:00:30]} Qb4 {[%emt 0:08:05]} 24. Nf1 {[%emt 0:01:29]} Ne4 {[%emt 0:01:19]} 25. Na2 {[%emt 0:00:58]} Qd6 {[%emt 0:00:13]} 26. Qe1 {[%emt 0:00:26]} c5 {[%emt 0:10:04]} 27. Ne3 {[%emt 0:03:34]} Qe6 {[%emt 0:04:19]} 28. Rd1 {[%emt 0:02:39]} Ndf6 {[%emt 0:00:14]} 29. Nc2 {[%emt 0:03:54]} c4 {[%emt 0:01:10]} 30. b4 {[%emt 0:04:57]} Re8 {[%emt 0:00:31]} 31. b5 {[%emt 0:00:12]} Bb7 {[%emt 0:00:01]} 32. Nab4 {[%emt 0:00:44]} g5 {[%emt 0:00:56]} 33. Ra1 {[%emt 0:00:41]} Nd6 {[%emt 0:00:40]} 34. Bf1 {[%emt 0:00:41]} f4 {[%emt 0:00:26]} 35. Ra3 {[%emt 0:00:15]} Nfe4 {[%emt 0:01:58]} 36. Rf3 {[%emt 0:00:47]} Rf8 {[%emt 0:00:36]} 37. Ra1 {[%emt 0:00:35]} Rf7 {[%emt 0:00:16]} 38. Raa3 {[%emt 0:00:29]} Rbf8 {[%emt 0:00:13]} 39. Bg2 {[%emt 0:00:30]} c3 {[%emt 0:01:55]} 40. Raxc3 {[%emt 0:00:38]} Nxc3 {[%emt 0:00:06]} 41. Rxc3 {[%emt 0:00:02]} fxg3 {[%emt 0:00:22]} 42. f3 {[%emt 0:00:50]} Nf5 {[%emt 0:01:18]} 43. Kh1 {[%emt 0:00:40]} Re8 {[%emt 0:00:42]} 44. e3 {[%emt 0:00:30]} Rc8 {[%emt 0:01:26]} 45. Rxc8+ {[%emt 0:00:13]} Qxc8 {[%emt 0:00:06]} 46. Qd2 {[%emt 0:00:53]} Nh4 {[%emt 0:00:37]} 47. Ne1 {[%emt 0:00:26]} Qf5 {[%emt 0:01:23]} 48. Nbd3 {[%emt 0:00:20]} Rc7 {[%emt 0:00:28]} 49. Qe2 {[%emt 0:00:43]} Rc3 {[%emt 0:00:54]} 50. Ne5 {[%emt 0:00:10]} Qb1 {[%emt 0:00:46]} 51. Qd2 {[%emt 0:00:31]} Rc2 {[%emt 0:01:42]} 0-1

[Event "Moscow-ch Men 2019"]
[Site "Moscow"]
[Date "2019.04.06"]
[Round "8.11"]
[White "Savchenko, Boris"]
[Black "Ageichenko, Genadi A"]
[Result "1-0"]
[WhiteElo "2575"]
[BlackElo "2208"]
[Annotator "TA"]
[PlyCount "79"]
[EventDate "2019.03.30"]
[EventType "swiss"]
[EventCountry "RUS"]
[SourceTitle "playchess.com"]
[Source "ChessBase"]
[SourceQuality "1"]

{[%evp 9,79,27,35,21,25,14,26,29,31,0,0,0,15,0,0,0,0,0,7,-3,45,45,38,45,127,120,156,143,159,155,184,202,195,198,185,201,183,190,174,179,212,202,207,211,264,268,268,268,288,285,295,280,296,299,282,290,372,358,329,325,526,364,397,375,394,387,404,396,447,435,467,443]} 1. e4 c5 2. Nf3 e6 3. d4 cxd4 4. Nxd4 Nc6 5. Nc3 d6 6. Bb5 {B54: Sicilian: 2...d6 3 d4 cxd4 4 Nxd4, Unusual Lines} (6. Be3 Nf6 7. f3 Be7 8. Qd2 O-O 9. O-O-O d5 10. Be2 dxe4 11. Nxc6 bxc6 12. Qxd8 Bxd8 13. Nxe4 Nxe4 14. fxe4 Bb6 15. Bxb6 axb6 16. a3 Ba6 17. Bxa6 Rxa6 18. Rd6 {1-0 (78) Saric,I (2689)-Korobov,A (2685) Biograd 2018}) 6... Bd7 7. Nb3 a6 8. Be2 {White has an edge.} Be7 $146 ({Predecessor:} 8... Nf6 9. Bg5 Be7 10. Qd2 O-O 11. O-O-O b5 12. Bxf6 Bxf6 13. Qxd6 Bxc3 14. bxc3 {1-0 (34) Petersen,J-Lichtenberg,I Valby 2008}) 9. a3 Rc8 10. Be3 Na5 11. Qd4 Nf6 12. O-O $36 {[%mdl 2048] White has good play.} O-O 13. Rfd1 Qc7 14. f3 Nc4 15. Bxc4 Qxc4 16. Qa7 Rb8 {[#]} (16... e5 $14) 17. Bc5 $1 $16 {[%mdl 512] Hoping for Rd4.} Ra8 {[#]} ({Wrong is} 17... dxc5 $2 18. Na5 $18) 18. Qb6 $1 {Strongly threatening Rd4.} dxc5 19. Na5 {[%mdl 64] Double Attack, Trapped Piece} Bd8 20. Nxc4 Bxb6 21. Nxb6 Rad8 22. e5 Nd5 23. Ncxd5 exd5 24. Rxd5 Bf5 25. c4 Be6 26. Rd6 ({But not} 26. Rxc5 $6 Rd2 $16) 26... Rxd6 27. exd6 $18 {[%mdl 4096] Endgame KRB-KRN} Rd8 28. Rd1 a5 29. Na4 b5 30. Nxc5 bxc4 31. Nb7 Rd7 32. Nxa5 f6 33. Rd4 Kf7 34. Nxc4 Rb7 $2 (34... Bxc4 35. Rxc4 Rxd6) 35. Ne3 Bd7 36. Nd1 Ke6 37. Kf2 Rb3 38. Rd2 Bc6 39. Nc3 Kd7 40. Ke2 {Accuracy: White = 80%, Black = 46%.} 1-0

[Event "Moscow-ch Men 2019"]
[Site "Moscow"]
[Date "2019.04.06"]
[Round "8.12"]
[White "Trusov, Mikhail"]
[Black "Golubov, Saveliy"]
[Result "0-1"]
[WhiteElo "2143"]
[BlackElo "2460"]
[Annotator "ChessBase"]
[PlyCount "52"]
[EventDate "2019.03.30"]
[EventType "swiss"]
[EventCountry "RUS"]
[SourceTitle "playchess.com"]
[Source "ChessBase"]
[SourceQuality "1"]
[TimeControl "5400+30"]

1. Nf3 {[%emt 0:00:00]} Nf6 {[%emt 0:00:00]} 2. g3 {[%emt 0:00:00]} g6 {[%emt 0:01:48]} 3. Bg2 {[%emt 0:00:00]} Bg7 {[%emt 0:00:15]} 4. O-O {[%emt 0:00:00]} O-O {[%emt 0:00:13]} 5. d4 {[%emt 0:00:03]} d6 {[%emt 0:01:10]} 6. Nc3 {[%emt 0:04:59]} Nbd7 {[%emt 0:00:25]} 7. e4 {[%emt 0:00:06]} e5 {[%emt 0:00:15]} 8. h3 {[%emt 0:03:50]} exd4 {[%emt 0:01:38]} 9. Nxd4 {[%emt 0:00:01]} Re8 {[%emt 0:00:20]} 10. Re1 {[%emt 0:00:16]} Nc5 {[%emt 0:00:18]} 11. Bf4 {[%emt 0:07:37]} h6 {[%emt 0:04:50]} 12. g4 {[%emt 0:04:18]} h5 {[%emt 0:05:27]} 13. f3 {[%emt 0:04:55]} hxg4 {[%emt 0:02:03]} 14. fxg4 {[%emt 0:03:31]} Nfd7 {[%emt 0:01:49]} 15. Qd2 {[%emt 0:04:51]} Ne5 {[%emt 0:05:43]} 16. b3 {[%emt 0:06:22]} c6 {[%emt 0:00:11]} 17. Rad1 {[%emt 0:00:25]} Qa5 {[%emt 0:00:38]} 18. a4 {[%emt 0:07:10]} Ned3 {[%emt 0:03:35]} 19. Nde2 {[%emt 0:05:43]} Nxf4 {[%emt 0:01:41]} 20. Qxf4 {[%emt 0:00:12]} Bxc3 {[%emt 0:00:09]} 21. Nxc3 {[%emt 0:00:39]} Qxc3 {[%emt 0:00:09]} 22. Qxd6 {[%emt 0:00:14]} Be6 {[%emt 0:00:29]} 23. Rf1 {[%emt 0:01:15]} Rad8 {[%emt 0:00:31]} 24. Qxd8 {[%emt 0:00:40]} Rxd8 {[%emt 0:00:05]} 25. Rxd8+ {[%emt 0:00:04]} Kg7 {[%emt 0:00:07]} 26. Rdd1 {[%emt 0:03:18]} Qxc2 {[%emt 0:00:15]} 0-1

[Event "Moscow-ch Men 2019"]
[Site "Moscow"]
[Date "2019.04.06"]
[Round "8.13"]
[White "Spichkin, Alexander"]
[Black "Yeritsyan, Aram"]
[Result "0-1"]
[WhiteElo "2197"]
[BlackElo "2301"]
[Annotator "NA"]
[PlyCount "94"]
[EventDate "2019.03.30"]
[EventType "swiss"]
[EventCountry "RUS"]
[SourceTitle "playchess.com"]
[Source "ChessBase"]
[SourceQuality "1"]
[TimeControl "5400+30"]

1. d4 {[%emt 0:00:00]} Nf6 {[%emt 0:00:00]} 2. Bg5 {[%emt 0:00:00]} e6 {[%emt 0:00:00]} 3. Nd2 {[%emt 0:00:00]} c5 {[%emt 0:00:00]} 4. e3 {[%emt 0:00:01]} cxd4 {[%emt 0:00:05] LiveBook: 77 Games} 5. exd4 {[%emt 0:00:05]} h6 {[%emt 0:00:08]} 6. Bxf6 {[%emt 0:00:34]} Qxf6 {[%emt 0:00:19]} 7. Ngf3 {[%emt 0:00:13]} b6 {[%emt 0:01:11]} 8. Bd3 {[%emt 0:00:14]} Bb7 {[%emt 0:00:23]} 9. Qe2 {[%emt 0:00:15]} Nc6 {[%emt 0:00:48]} 10. c3 {[%emt 0:00:29]} Be7 {[%emt 0:05:09]} 11. O-O-O {[%emt 0:03:18]} a6 {[%emt 0:03:14]} 12. Kb1 {[%emt 0:01:18]} b5 $14 {[%emt 0:00:30]} 13. Rhe1 {[%emt 0:02:29]} O-O {[%emt 0:00:50]} 14. Ne4 {[%emt 0:04:26]} Qf4 {[%emt 0:00:55]} 15. g3 {[%emt 0:01:43]} Qc7 {[%emt 0:00:09]} 16. g4 {[%emt 0:01:54]} d5 {[%emt 0:07:04]} 17. Ned2 {[%emt 0:01:55]} b4 {[%emt 0:03:47]} 18. c4 {[%emt 0:05:29]} Qf4 {[%emt 0:10:05]} 19. Rg1 {[%emt 0:05:46]} Nxd4 {[%emt 0:05:01]} 20. Nxd4 {[%emt 0:00:09]} Qxd4 {[%emt 0:00:02]} 21. cxd5 {[%emt 0:05:19]} Bxd5 {[%emt 0:01:03]} 22. Ne4 {[%emt 0:03:28]} Qe5 {[%emt 0:06:00]} 23. f4 {[%emt 0:09:18]} Qxf4 {[%emt 0:00:10]} 24. Rdf1 {[%emt 0:00:16]} Qe5 {[%emt 0:00:34]} 25. g5 {[%emt 0:00:17]} hxg5 {[%emt 0:00:42]} 26. h4 {[%emt 0:08:18]} g4 {[%emt 0:04:49]} 27. Qxg4 {[%emt 0:03:57]} f5 {[%emt 0:00:06]} 28. Qg3 {[%emt 0:00:12]} Qxg3 {[%emt 0:00:57]} 29. Nxg3 {[%emt 0:00:03]} Bc5 {[%emt 0:01:18]} 30. Nh5 {[%emt 0:00:30]} Bxg1 {[%emt 0:00:06]} 31. Rxg1 {[%emt 0:00:03]} Ra7 {[%emt 0:00:20]} 32. Nf4 {[%emt 0:00:39]} Be4 {[%emt 0:00:24]} 33. Bxe4 {[%emt 0:00:08]} fxe4 {[%emt 0:00:01]} 34. Nxe6 {[%emt 0:00:08]} Rf2 {[%emt 0:00:20]} 35. Ng5 {[%emt 0:00:48]} e3 {[%emt 0:00:18]} 36. Re1 {[%emt 0:00:45]} Re7 {[%emt 0:00:48]} 37. Nh3 {[%emt 0:00:27]} Rd2 {[%emt 0:01:43]} 38. Nf4 {[%emt 0:00:43]} Re4 {[%emt 0:00:20]} 39. Ne2 {[%emt 0:01:15]} Rxh4 {[%emt 0:00:07]} 40. Nc1 {[%emt 0:00:03]} Rhh2 {[%emt 0:01:35]} 41. Rxe3 {[%emt 0:00:08]} Rh1 {[%emt 0:01:19]} 42. Re8+ {[%emt 0:02:12]} Kh7 {[%emt 0:00:03]} 43. Rc8 {[%emt 0:00:06]} g5 {[%emt 0:00:04]} 44. Rc7+ {[%emt 0:00:28]} Kg6 {[%emt 0:00:02]} 45. Rc6+ {[%emt 0:00:04]} Kh5 {[%emt 0:00:02]} 46. Rxa6 {[%emt 0:00:04]} g4 {[%emt 0:00:11]} 47. Ra8 {[%emt 0:00:16]} Rdd1 {[%emt 0:00:05]} 0-1